00606pab a2200157 454500008004000000100002600040245006300066260000900129300001500138362001000153520019900163650001900362650001100381700002200392773003400414180718b2000 xxu||||| |||| 00| 0 eng d aBalakrishnan, Pulapre aBudget 2000-2001: vision and illusion in fiscal correction c2000 ap.1137-139 a1 Apr aIn a bid to contain the fiscal deficit, the government has in this budget targeted outlay on subsidies. This note focuses on the likely consequences in the case of the food subsidy. - Reproduced aBudget - India aBudget aRamaswani, Bharat aEconomic and Political Weekly